01075nam a2200289Ia 450000500170000000800400001702000180005708200210007510000440009624501230014025000170026330000240028049000190030450000550032350400270037865000360040565000430044165000440048465100600052894200120058826400470060033600270064733700330067433800280070704000350073599900150077020220317000328.0141031s2011 ck ck a0 sga d s sp spa  a978958837563204a306.089861bM67a1 aMosquera Rosero-Labbé, Claudiad1965-10aAfrorreparacionesbapropiarse del pasado, encarar el presente, transformar el futuro cClaudia Mosquera Rosero-Labbé a1a edición a96 páginasc23 cm aVoces de fuego aIncluye datos biográficos del autor en la solapa aIncluye bibliografía142LEMBaAfrocolombianosxHistoria142LEMBaEsclavitud en ColombiaxHistoria142LEMBaDiscriminación racialxHistoria14aColombiay1750-1816xMulticulturalismozColombia918690 2ddccBK aCartagena de IndiasbPluma de Mompoxc2011 atextobtxt2rdacontent asin mediaciónbn2rdamedia avolumenbnc2rdacarrier aCO-BoRNBPbspaerdacCO-BoRNBP c3739d3739